200 Personnages Disney - Statistiques

Statistiques générales
  • Ce quiz a été pris 112 fois
    79 depuis la dernière actualisation
  • Le résultat moyen est 95 sur 200
Statistiques - réponses
Année Réponse % Correct
Blanche-Neige
98%
Cendrillon
93%
2013 Anna
91%
1959 Aurore
91%
Grincheux
91%
Simplet
86%
1991 Belle
82%
Elsa
82%
1989 Ariel
81%
1937 Atchoum
81%
Maléfique
81%
Raiponce
81%
1992 Aladdin
77%
Jasmine
77%
1940 Mickey
77%
1994 Mufasa
77%
Polochon
77%
1942 Bambi
75%
Dormeur
75%
1941 Dumbo
75%
Mulan
75%
Olaf
75%
Pinocchio
75%
Prof
75%
Simba
75%
1950 Anastasie
74%
Gus
74%
Jafar
74%
Javotte
74%
La Bête
74%
Peter Pan
74%
Sébastien
74%
Tarzan
74%
Vaiana
74%
Joyeux
72%
Nala
72%
Scar
72%
Timide
72%
Abu
70%
Cruella
70%
1940 Geppetto
70%
Jane
68%
Mowgli
68%
Tiana
68%
Timon
68%
Ursula
68%
Wendy
68%
1951 Alice
67%
1953 Capitaine Crochet
67%
Hercule
67%
Lumière
67%
Pocahontas
67%
Prince Eric
67%
2002 Lilo
65%
Stitch
65%
Baloo
63%
Gaston
63%
Le Génie
63%
Marie
63%
Mushu
63%
Panpan
63%
Sven
63%
2010 Flynn Rider
61%
Hans
61%
Kristoff
61%
La fée Clochette
61%
Robin des bois
61%
Le Chapelier Fou
60%
Rox
60%
Duchesse
58%
Jiminy Cricket
58%
La Reine Rouge
58%
Pongo
58%
1955 Clochard
56%
1996 Esmeralda
56%
1997 Hadès
56%
Merlin
56%
Philoctète
56%
1981 Rouky
56%
Toulouse
56%
1967 Bagheera
54%
1970 Berlioz
54%
Fleur
54%
Le Lapin blanc
54%
Mégara
54%
Petit Jean
54%
Prince Philippe
54%
Quasimodo
54%
BigBen
53%
John Smith
53%
Lady
53%
Maui
53%
Pascal
53%
Prince Naveen
53%
Pumbaa
53%
1977 Bernard
51%
Bianca
51%
Gothel
51%
Madame Samovar
51%
Perdita
51%
Shere Khan
51%
Kaa
49%
La fée marraine
49%
Winnie
49%
Flora
47%
2000 Kuzco
47%
Mouche
47%
Pimprenelle
47%
Zazu
47%
1963 Arthur
46%
Iago
46%
Lady Trémaine
46%
Maximus
46%
Claude Frollo
44%
2016 Hei Hei
44%
Lucifer
44%
Porcinet
44%
Raya
44%
Shang
44%
Zip
44%
1986 Basil
42%
Docteur Facilier
42%
1973 Marianne
42%
1988 Oliver
42%
Tigrou
42%
2008 Bolt (Volt)
40%
Mirabel
40%
Pégase
40%
1977 Bourriquet
39%
2009 Charlotte
39%
LeFou
39%
O'Malley
39%
Pua
39%
Taram
39%
Yzma
39%
1961 Anita
37%
Nick Wilde
37%
Panique
37%
Paquerette
37%
2012 Ralph
37%
Bruno
35%
Judy Hopps
35%
Roger
35%
Kronk
33%
Le Chat du Cheshire
33%
Louis
33%
Nani
33%
Peine
32%
Rajah
32%
Coco Lapin
30%
Jean Christophe
30%
Meeko
30%
Vaneloppe
30%
1999 Clayton
28%
Phoebus
28%
Isabela
26%
Koda
26%
Luisa
26%
2021 Abuela
25%
2023 Asha
23%
Le Lièvre de Mars
23%
Lili la Tigresse
23%
Madame Mim
23%
Ratcliffe
23%
1995 Grand Mère Feuillage
21%
Hiro Hamada
21%
2001 Kidagakash
21%
Shan-Yu
21%
Dolores
19%
Flash
19%
Milo
19%
Tamatoa
19%
Tokina
19%
Tweedledee
19%
Tweedledum
19%
1998 Cri-kee
18%
2003 Kenai
18%
2014 Baymax
16%
Pacha
16%
Penny
14%
2016 Chef Bogo
12%
2002 Jim Hawkins
12%
Star
12%
2021 Namaari
11%
Gazelle
9%
Sisu
9%
Turbo
9%
Chicken Little
7%
2007 Cornelius Robinson (Lewis)
7%
Ethan Clade
7%
Magnifico
7%
Mittens
7%
Tuktuk
7%
2005 Abby
4%
1985 Princesse Eilonwy
4%
2022 Searcher Clade
4%
Wilbur Robinson
4%
Morph
2%
Doris
0%
Jaeger Clade
0%
Aucun quiz correspondant
Distribution des résultats
% des personnes avec chaque résultat
Percentile par nombre de réponses
Votre historique - résultats
Vous n’avez pas pris ce quiz depuis la dernière actualisation